Anglo-American Cataloguing Rules (Record no. 6392)

MARC details
000 -LEADER
fixed length control field 00596nam a2200205Ia 4500
003 - CONTROL NUMBER IDENTIFIER
control field IN-BaIIA
008 - FIXED-LENGTH DATA ELEMENTS--GENERAL INFORMATION
fixed length control field 211028s9999 xx 000 0 eng d
020 ## - INTERNATIONAL STANDARD BOOK NUMBER
International Standard Book Number 0-85365-681-9
040 ## - CATALOGING SOURCE
Transcribing agency IIA Library
080 ## - UNIVERSAL DECIMAL CLASSIFICATION NUMBER
Universal Decimal Classification number 25.3
Item number GOR
100 ## - MAIN ENTRY--PERSONAL NAME
Personal name Gorman, Michael
9 (RLIN) 10969
245 #0 - TITLE STATEMENT
Title Anglo-American Cataloguing Rules
Statement of responsibility, etc. Michael Gorman
250 ## - EDITION STATEMENT
Edition statement 2nd ed.
260 ## - PUBLICATION, DISTRIBUTION, ETC.
Place of publication, distribution, etc. London
Name of publisher, distributor, etc. Library Association
Date of publication, distribution, etc. 1978
300 ## - PHYSICAL DESCRIPTION
Extent xvii, 620p.
650 ## - SUBJECT ADDED ENTRY--TOPICAL TERM
Topical term or geographic name entry element AACR
9 (RLIN) 10970
650 ## - SUBJECT ADDED ENTRY--TOPICAL TERM
Topical term or geographic name entry element Anglo-American Cataloguing Rules
9 (RLIN) 10971
650 ## - SUBJECT ADDED ENTRY--TOPICAL TERM
Topical term or geographic name entry element NASA Thesaurus
942 ## - ADDED ENTRY ELEMENTS (KOHA)
Koha item type Books
Holdings
Withdrawn status Lost status Damaged status Not for loan Home library Current library Shelving location Date acquired Cost, normal purchase price Total Checkouts Full call number Barcode Date last seen Cost, replacement price Price effective from Koha item type Purchase Price
        IIA Library-Bangalore IIA Library-Bangalore General Stacks 12/11/1979 160.00   025.3/ GOR 7117 05/11/2021 160.00 12/11/1979 Books Rs. 160.00

Powered by Koha